Karpatskaja Zvezda organ progresivnoj molodeži Prjaševščiny

Bibliographic Details
New Title:Zvezda
Format: Serial
Language:Russian
PhysicalDescription:zv. 45 cm
Published: Praga [s.n.] 1946-1947

MARC

LEADER 00000nas a2200000 a 4500
001 vtls001332840
003 SK-MaSNL
005 20260221112356.0
008 980601d19461947xx 0 0rus c
035 |a SNK000285748 
040 |a SNK  |b slo  |c SNK  |e AACR2 
245 1 |a Karpatskaja Zvezda  |b organ progresivnoj molodeži Prjaševščiny 
246 1 1 |a Karpats'ka Zvizda 
260 |a Praga  |b [s.n.]  |c 1946-1947  |f Svoboda 
300 |a zv.  |c 45 cm 
310 |a Týždenník 
362 0 |a 1, No 1-2 (1946)-2, No 5 = (33) (1947) 
500 |a Text rus. a ukr. 
500 |a Podnázov sa mení 
500 |a Od č. 2 (30) po č. 6 (34)/1947 uvedený aj súbežný názov: Karpats'ka Zvizda 
500 |a Od č. 6 (34)/1947 vychádza pod názvom: Zvezda 
500 |a Vychádzal od 26. júna 1946 
785 0 0 |t Zvezda 
850 |a Slovenská národná knižnica v Martine 
999 |c 134  |d 2064 
952 |0 0  |1 0  |4 0  |7 0  |a SNK  |b SNK  |d 1998-06-01  |l 0  |o snkČSA 253/2/1947 D1  |r 2005-01-02 00:00:00  |t P60, <06>, [ISSBD], {606}  |w 2026-02-21  |y PREZ 
952 |0 0  |1 0  |4 0  |7 0  |a SNK  |b SNK  |d 2003-08-25  |l 0  |o snkČSA 253/1/1946  |p 17A0394232  |r 2005-01-02 00:00:00  |t P60, <06>, [ISSBD], {606}  |w 2026-02-21  |y PREZ 
952 |0 0  |1 0  |4 0  |7 0  |a SNK  |b SNK  |d 2003-08-25  |l 0  |o snkČSA 253/2/1947  |r 2005-01-02 00:00:00  |t P60, <06>, [ISSBD], {606}  |w 2026-02-21  |y PREZ